[Event "Frankfurt Ch 2006"]
[Site "Ffm-Kalbach, LAZ"]
[Date "2006.04.24"]
[Round "1.31"]
[White "Von Auer, Ulrich"]
[Black "Vogelgesang, Marc"]
[Result "1-0"]
[WhiteElo "1990"]
[BlackElo "1552"]
[PlyCount "95"]
[EventDate "2006.??.??"]

1. e4 c5 2. Nf3 d6 3. Nc3 Nf6 4. d4 cxd4 5. Nxd4 e5 6. Nb3 Be6 7. Be2 a6 8. Be3
Be7 9. O-O O-O 10. f4 Bd7 11. Nd5 Nxd5 12. exd5 f6 13. a4 Be8 14. Nd2 Nd7 15.
a5 Bf7 16. Nc4 Rc8 17. f5 g6 18. g4 g5 19. Kg2 Kg7 20. Bf2 Rh8 21. Ra3 h5 22.
h3 Rh7 23. b4 Qh8 24. Bg3 Qg8 25. Ne3 Qh8 26. c4 Qf8 27. Qd2 Rh6 28. Bf3 hxg4
29. hxg4 Rh7 30. Raa1 Rh6 31. Rh1 Rh7 32. Qd3 Rh6 33. Rxh6 Kxh6 34. Nd1 Kg7 35.
Nc3 Bg8 36. Bf2 Bf7 37. Ne4 Kh7 38. Bd1 Kg7 39. Ba4 Be8 40. Bb3 Bf7 41. c5 dxc5
42. d6 c4 43. dxe7 Qxe7 44. Qd6 Qd8 45. Ba4 Nb8 46. Bc5 Qxd6 47. Nxd6 Bd5+ 48.
Kg3 1-0

[Event "Frankfurt Ch 2006"]
[Site "Ffm-Kalbach, LAZ"]
[Date "2006.04.24"]
[Round "1.32"]
[White "Kirschner, Matthias"]
[Black "Kästle, Rainer"]
[Result "0-1"]
[WhiteElo "1547"]
[BlackElo "1987"]
[PlyCount "56"]
[EventDate "2006.??.??"]

1. c4 Nf6 2. Nc3 g6 3. g3 Bg7 4. Bg2 O-O 5. Nf3 c5 6. d3 Nc6 7. Rb1 d6 8. a3
Bd7 9. Qc2 Nd4 10. Nxd4 cxd4 11. Nb5 Bxb5 12. cxb5 Qa5+ 13. b4 Qxb5 14. Bg5
Rac8 15. Qd2 Rc7 16. O-O Rfc8 17. Rfc1 Rc3 18. Bxf6 Bxf6 19. Qb2 e5 20. Qa1 Bg5
21. Rf1 Bd2 22. a4 Qd7 23. b5 Rc2 24. Qa3 R8c3 25. Rb3 Rc5 26. Rb2 Bc1 27. Rxc1
Rxc1+ 28. Bf1 Qh3 0-1

[Event "Frankfurt Ch 2006"]
[Site "Ffm-Kalbach, LAZ"]
[Date "2006.04.24"]
[Round "1.33"]
[White "Henzner, Reiner"]
[Black "Schmidt, Volker"]
[Result "1-0"]
[WhiteElo "1982"]
[BlackElo "1547"]
[PlyCount "67"]
[EventDate "2006.??.??"]

1. e4 e5 2. Nf3 Nc6 3. Bb5 Nge7 4. O-O d6 5. h3 Bd7 6. c3 h6 7. d4 Ng6 8. Nbd2
Nf4 9. dxe5 dxe5 10. Nc4 Qf6 11. Bxc6 bxc6 12. Ncxe5 Rd8 13. Bxf4 Qxf4 14. Nxd7
Rxd7 15. Qa4 Rd6 16. Rad1 Rg6 17. Rd3 Bc5 18. b4 Bb6 19. c4 a5 20. c5 Ba7 21.
Qxa5 Bb8 22. Qa6 O-O 23. Qc4 Kh7 24. Re1 Re8 25. Qc1 Qf6 26. e5 Qe6 27. Qc2 Kg8
28. Red1 Qc8 29. Rd7 Rge6 30. Qf5 R6e7 31. g4 g6 32. Qd3 Qb7 33. Rxe7 Rxe7 34.
Qd8+ 1-0

[Event "Frankfurt Ch 2006"]
[Site "Ffm-Kalbach, LAZ"]
[Date "2006.04.24"]
[Round "1.34"]
[White "Bonilla Guzman, Jerson Andres"]
[Black "Bagatsch, Thomas"]
[Result "0-1"]
[WhiteElo "1545"]
[BlackElo "1979"]
[PlyCount "84"]
[EventDate "2006.??.??"]

1. e4 e5 2. Nf3 Nc6 3. Bb5 a6 4. Ba4 d6 5. c3 f5 6. exf5 Bxf5 7. d3 Be7 8. O-O
Bg4 9. Nbd2 Nf6 10. h3 Bh5 11. Re1 O-O 12. Bb3+ Kh8 13. g4 Bg6 14. Ng5 Qd7 15.
Be6 Qe8 16. Ndf3 h6 17. Ne4 Bd8 18. Bb3 Qd7 19. Nxf6 Bxf6 20. Be3 Rae8 21. Bc2
Ne7 22. c4 Nc6 23. Kg2 e4 24. dxe4 Bxb2 25. Rb1 Bc3 26. Bd2 Bxd2 27. Qxd2 Nd8
28. Nh4 Bf7 29. e5 Qc6+ 30. Be4 Qxc4 31. Rbc1 Qe6 32. Rxc7 dxe5 33. Qd7 Qf6 34.
Nf5 Ne6 35. Nd6 Nxc7 36. Nxe8 Bxe8 37. Qf5 Qxf5 38. Bxf5 Bc6+ 39. Kg3 Re8 40.
Be4 Bxe4 41. Rxe4 Nd5 42. Rc4 Re6 0-1

[Event "Frankfurt Ch 2006"]
[Site "Ffm-Kalbach, LAZ"]
[Date "2006.04.24"]
[Round "1.35"]
[White "Behnick, Eckhard"]
[Black "Popp, Matthias"]
[Result "1-0"]
[WhiteElo "1962"]
[BlackElo "1536"]
[PlyCount "37"]
[EventDate "2006.??.??"]

1. e4 c5 2. Nf3 Nc6 3. Bb5 a6 4. Bxc6 bxc6 5. O-O d6 6. d4 cxd4 7. Qxd4 e5 8.
Qa4 Bd7 9. c4 Nf6 10. Nc3 Qc7 11. Bg5 Be7 12. Rfe1 O-O 13. Rad1 Qb7 14. c5 dxc5
15. Nxe5 Be6 16. Nxc6 Rfe8 17. Nxe7+ Rxe7 18. e5 Rae8 19. exf6 1-0

[Event "Frankfurt Ch 2006"]
[Site "Ffm-Kalbach, LAZ"]
[Date "2006.04.24"]
[Round "1.36"]
[White "Ludwig, Helmut"]
[Black "Cors, Heinz-Friedrich"]
[Result "0-1"]
[WhiteElo "1496"]
[BlackElo "1955"]
[PlyCount "65"]
[EventDate "2006.??.??"]

1. d4 Nf6 2. c4 e6 3. Nf3 b6 4. g3 Bb7 5. Bg2 Be7 6. O-O O-O 7. Bd2 d5 8. cxd5
exd5 9. Bc3 Nbd7 10. Nbd2 Re8 11. Re1 Ne4 12. e3 Nxc3 13. bxc3 c5 14. Qa4 Bf6
15. Rab1 Qc7 16. Bf1 a6 17. Bh3 Bc6 18. Qc2 g6 19. Rb2 Bg7 20. Reb1 f5 21. Ne1
c4 22. Ng2 b5 23. Nf4 Nf6 24. Bg2 Bf8 25. Qd1 Qd7 26. Rc2 a5 27. Nf3 Bd6 28.
Qe1 Qc7 29. Ng5 Qd7 30. Re2 h6 31. Nxd5 Bxd5 32. Bxd5+ Nxd5 33. Rxb5 0-1

[Event "Frankfurt Ch 2006"]
[Site "Ffm-Kalbach, LAZ"]
[Date "2006.04.24"]
[Round "1.37"]
[White "Calvi, Stefan"]
[Black "Müllergroß, Christian"]
[Result "1/2-1/2"]
[WhiteElo "1943"]
[BlackElo "1489"]
[PlyCount "40"]
[EventDate "2006.??.??"]

1. e4 e6 2. d4 d5 3. exd5 exd5 4. Bd3 Bd6 5. Be3 Nf6 6. h3 Be6 7. Nf3 Nbd7 8.
Nbd2 h6 9. b3 c6 10. c4 Bb4 11. O-O O-O 12. Bf4 Ba5 13. Ne5 Bc3 14. Rc1 Bxd4
15. Ndf3 Bxe5 16. Nxe5 Nxe5 17. Bxe5 dxc4 18. Bxc4 Qxd1 19. Rfxd1 Bxc4 20. bxc4
Rfd8 1/2-1/2

[Event "Frankfurt Ch 2006"]
[Site "Ffm-Kalbach, LAZ"]
[Date "2006.04.24"]
[Round "1.38"]
[White "Pluns, Matthias"]
[Black "Syed, Tareq"]
[Result "0-1"]
[WhiteElo "1478"]
[BlackElo "1931"]
[PlyCount "100"]
[EventDate "2006.??.??"]

1. d4 Nf6 2. c4 d6 3. Nc3 Nbd7 4. Bg5 h6 5. Bh4 g5 6. Bg3 Nh5 7. e3 Nxg3 8.
hxg3 Bg7 9. g4 Nf6 10. Be2 Bd7 11. f3 c6 12. Nh3 Qa5 13. Qa4 Qc7 14. Qc2 d5 15.
Bd3 O-O-O 16. O-O-O Kb8 17. Kb1 Be6 18. c5 Bd7 19. Ng1 Rhe8 20. Qf2 e5 21. Qg3
e4 22. Qxc7+ Kxc7 23. fxe4 dxe4 24. Be2 Nxg4 25. Bxg4 Bxg4 26. Rf1 f5 27. Nge2
Rf8 28. g3 Bf3 29. Rh2 b6 30. b4 bxc5 31. bxc5 Rb8+ 32. Kc2 Rf6 33. Nd1 Rbf8
34. Ng1 Bxd1+ 35. Kxd1 f4 36. gxf4 gxf4 37. exf4 Rxf4 38. Rxf4 Rxf4 39. Ne2 Rf3
40. Rg2 Rd3+ 41. Ke1 Bxd4 42. Nxd4 Rxd4 43. Rg7+ Rd7 44. Rg6 Rd5 45. Rxh6 Rxc5
46. Rh2 Kd6 47. Rd2+ Ke5 48. Ke2 Kf4 49. Rb2 Rh5 50. Ke1 Rh1+ 0-1

[Event "Frankfurt Ch 2006"]
[Site "Ffm-Kalbach, LAZ"]
[Date "2006.04.24"]
[Round "1.39"]
[White "Hierling, Stefan"]
[Black "Kletzerman, Simon"]
[Result "1-0"]
[WhiteElo "1923"]
[BlackElo "1461"]
[PlyCount "120"]
[EventDate "2006.??.??"]

1. e4 e6 2. d4 d5 3. exd5 exd5 4. Bd3 Nc6 5. c3 Bd6 6. h3 Nge7 7. Qh5 h6 8. f4
g6 9. Qf3 Bf5 10. g4 Bxd3 11. Qxd3 Qd7 12. Nf3 f6 13. b4 O-O-O 14. Na3 Rde8 15.
Kd1 g5 16. f5 h5 17. Qf1 h4 18. Nc2 Kb8 19. a4 Nc8 20. a5 Nd8 21. b5 Bg3 22.
Nb4 c6 23. bxc6 bxc6 24. Qa6 Nd6 25. Rb1 Nb5 26. Nxc6+ Nxc6 27. Rxb5+ Ka8 28.
Rc5 Nb8 29. Qb5 Rd8 30. Qxd7 Rxd7 31. Bd2 Rd6 32. Kc2 Na6 33. Rb5 Re8 34. Kd3
Rd7 35. Rhb1 Rc8 36. R1b2 Rcc7 37. Be1 Bf4 38. Re2 Re7 39. Rxe7 Rxe7 40. Bd2
Bxd2 41. Kxd2 Rd7 42. Kd3 Nc7 43. Rc5 Kb7 44. c4 Rd6 45. cxd5 Nxd5 46. Ke4 Nf4
47. Ng1 Rd7 48. Rc1 Re7+ 49. Kf3 Ka6 50. Rc6+ Kxa5 51. Rxf6 Re1 52. Kf2 Rd1 53.
Rd6 Rd2+ 54. Ke1 Rd3 55. f6 Re3+ 56. Kd2 Rd3+ 57. Kc2 Rg3 58. f7 Rxg1 59. f8=Q
Nxh3 60. Qb8 Nf4 1-0

[Event "Frankfurt Ch 2006"]
[Site "Ffm-Kalbach, LAZ"]
[Date "2006.04.24"]
[Round "1.40"]
[White "Scheerer, Michael"]
[Black "Göbel, Andreas"]
[Result "1/2-1/2"]
[WhiteElo "1399"]
[BlackElo "1923"]
[PlyCount "67"]
[EventDate "2006.??.??"]

1. e4 c5 2. Nf3 d6 3. d4 cxd4 4. Nxd4 Nf6 5. Nc3 g6 6. Be3 Bg7 7. Be2 O-O 8.
O-O Nc6 9. Qd2 Bd7 10. Rad1 a6 11. f3 Rc8 12. Nxc6 Bxc6 13. Bd4 Qc7 14. Rfe1 b5
15. b4 Bb7 16. Bxf6 Bxf6 17. Nd5 Bxd5 18. Qxd5 Qxc2 19. Rc1 Qb2 20. Rb1 Qc3 21.
Kf1 Bd4 22. Rb3 e6 23. Qxd6 Rfd8 24. Rxc3 Bxc3 25. Qxa6 Bxe1 26. Kxe1 Rc1+ 27.
Kf2 Rd2 28. Qxb5 Rxa2 29. Qd3 Rcc2 30. b5 Rd2 31. Qe3 Rdb2 32. b6 Ra6 33. b7
Rab6 34. Kg3 1/2-1/2

[Event "Frankfurt Ch 2006"]
[Site "Ffm-Kalbach, LAZ"]
[Date "2006.04.24"]
[Round "1.41"]
[White "Stich, Christopher"]
[Black "Adair, Monte"]
[Result "1-0"]
[WhiteElo "1921"]
[BlackElo "1384"]
[PlyCount "59"]
[EventDate "2006.??.??"]

1. e4 e5 2. f4 d6 3. Bc4 Nf6 4. d3 Be7 5. Nf3 h6 6. fxe5 dxe5 7. Nxe5 O-O 8.
Be3 Bd6 9. Nf3 Ng4 10. Qe2 Nxe3 11. Qxe3 c6 12. Nbd2 Nd7 13. O-O-O b5 14. Bb3
Nc5 15. d4 Nxb3+ 16. Nxb3 Qc7 17. e5 Be7 18. Rhf1 Be6 19. Kb1 a5 20. Nc5 Bxc5
21. dxc5 a4 22. Rd6 b4 23. Nd4 Bd5 24. Nf5 Ra7 25. Qg3 g6 26. Nxh6+ Kg7 27. Qg5
Be6 28. Qf6+ Kxh6 29. Rf4 Qe7 30. Rh4# 1-0

[Event "Frankfurt Ch 2006"]
[Site "Ffm-Kalbach, LAZ"]
[Date "2006.04.24"]
[Round "1.42"]
[White "Baqui, Khalid"]
[Black "Rutkowski, Jörg"]
[Result "0-1"]
[WhiteElo "1367"]
[BlackElo "1919"]
[PlyCount "116"]
[EventDate "2006.??.??"]

1. e4 e5 2. d3 Nf6 3. Be2 d5 4. exd5 Nxd5 5. Nf3 Nc6 6. O-O g6 7. Bd2 Bg7 8.
Nc3 O-O 9. Nxd5 Qxd5 10. Rb1 Qxa2 11. b3 Qa3 12. b4 Nd4 13. Nxd4 exd4 14. Ra1
Qb2 15. Rb1 Qa2 16. Ra1 Qe6 17. Re1 Qd6 18. Bf3 c6 19. Rb1 Be6 20. b5 Rab8 21.
g3 Qd7 22. Bf4 Rbc8 23. bxc6 bxc6 24. Rb2 Rfe8 25. Qb1 Bd5 26. Rxe8+ Rxe8 27.
Bxd5 Qxd5 28. Rb8 Qe6 29. Qa1 Rxb8 30. Bxb8 Qe2 31. Bxa7 Qxc2 32. Bxd4 Bxd4 33.
Qxd4 c5 34. Qc4 Qxc4 35. dxc4 Kg7 36. f4 g5 37. fxg5 Kg6 38. Kf2 Kxg5 39. h3 h5
40. Kf3 Kf5 41. Ke3 Ke5 42. Kd3 Kf5 43. Ke3 Kg5 44. Kf3 h4 45. g4 f5 46. gxf5
Kxf5 47. Ke3 Ke5 48. Kf3 Kd4 49. Kg4 Kxc4 50. Kxh4 Kd3 51. Kg4 c4 52. h4 c3 53.
h5 c2 54. h6 c1=Q 55. h7 Qc8+ 56. Kh5 Qh8 57. Kh6 Ke4 58. Kg6 Ke5 0-1

[Event "Frankfurt Ch 2006"]
[Site "Ffm-Kalbach, LAZ"]
[Date "2006.04.24"]
[Round "1.43"]
[White "Kolompar, Josef"]
[Black "Breitbach, Stephan"]
[Result "1-0"]
[WhiteElo "1909"]
[BlackElo "1361"]
[PlyCount "35"]
[EventDate "2006.??.??"]

1. e4 e6 2. d4 d5 3. e5 c5 4. c3 Nc6 5. Nf3 f6 6. Bd3 Qc7 7. Bf4 cxd4 8. cxd4
Nb4 9. Bb5+ Bd7 10. Bxd7+ Qxd7 11. Nc3 Be7 12. O-O fxe5 13. Nxe5 Qc8 14. Qh5+
g6 15. Nxg6 Nf6 16. Qh6 Bf8 17. Nxf8 Rxf8 18. Nb5 1-0

[Event "Frankfurt Ch 2006"]
[Site "Ffm-Kalbach, LAZ"]
[Date "2006.04.24"]
[Round "1.44"]
[White "Bongardt, Torsten"]
[Black "Matzies, Alexander"]
[Result "0-1"]
[WhiteElo "1338"]
[BlackElo "1894"]
[PlyCount "86"]
[EventDate "2006.??.??"]

1. d4 Nf6 2. Nf3 g6 3. Bf4 Bg7 4. e3 d6 5. Be2 O-O 6. O-O Nbd7 7. c4 c5 8. Nc3
Re8 9. Rc1 b6 10. d5 Ng4 11. Qd2 Nge5 12. Rfd1 a6 13. b3 Qc7 14. Ne4 Nxf3+ 15.
Bxf3 Ne5 16. Qe2 Bd7 17. Nc3 Reb8 18. Be4 b5 19. Bxe5 Bxe5 20. Bd3 b4 21. Ne4
a5 22. Rc2 a4 23. Nd2 Ra5 24. Nb1 Rba8 25. Rcd2 Qa7 26. Rc2 axb3 27. axb3 Ra1
28. Nd2 Qa3 29. Qf1 Rxd1 30. Qxd1 Bc3 31. Qb1 Qa1 32. Rc1 Qxb1 33. Nxb1 Ra1 34.
Kf1 f5 35. Ke2 e6 36. Kd1 Bb2 37. g3 Bxc1 38. Kxc1 exd5 39. cxd5 Ra2 40. Bc2
Bb5 41. Nd2 Kf7 42. Nc4 Bxc4 43. bxc4 b3 0-1

[Event "Frankfurt Ch 2006"]
[Site "Ffm-Kalbach, LAZ"]
[Date "2006.04.24"]
[Round "1.45"]
[White "Bonsen, Andreas"]
[Black "Ortiz-Rodriguez, Jose"]
[Result "1-0"]
[WhiteElo "1885"]
[BlackElo "1301"]
[PlyCount "57"]
[EventDate "2006.??.??"]

1. d4 d6 2. e4 Nf6 3. Bd3 Nbd7 4. Ne2 c6 5. O-O Qc7 6. f4 e5 7. c3 Be7 8. h3 b5
9. a4 O-O 10. Qc2 Ba6 11. Na3 Rab8 12. Be3 Nh5 13. axb5 Bxb5 14. Nxb5 cxb5 15.
dxe5 dxe5 16. Rxa7 Qc6 17. Kh2 Nc5 18. Rxe7 Nxd3 19. Qxd3 Rbd8 20. Qc2 exf4 21.
Nxf4 Qd6 22. Rb7 Qe5 23. g3 Nf6 24. Bd4 Qxe4 25. Qxe4 Nxe4 26. Rxb5 Nd2 27. Rf2
Nc4 28. Nh5 f6 29. Rb7 1-0

[Event "Frankfurt Ch 2006"]
[Site "Ffm-Kalbach, LAZ"]
[Date "2006.04.24"]
[Round "1.46"]
[White "Richter, Edgar"]
[Black "Ahrends, Norbert"]
[Result "0-1"]
[WhiteElo "1300"]
[BlackElo "1884"]
[PlyCount "80"]
[EventDate "2006.??.??"]

1. e4 c5 2. Nc3 d6 3. Nf3 Nf6 4. d4 cxd4 5. Nxd4 a6 6. Bc4 e6 7. O-O Be7 8. a4
O-O 9. b4 Nbd7 10. Bb2 Qc7 11. Bb3 Ne5 12. b5 Bd7 13. f3 Nc4 14. Bxc4 Qxc4 15.
b6 Qb4 16. Rb1 Qxb6 17. Kh1 Rac8 18. Qd2 Qc7 19. Nce2 e5 20. Nf5 Bxf5 21. exf5
Qxc2 22. Qxc2 Rxc2 23. Ng3 Nd7 24. Ne4 d5 25. Nc3 d4 26. Ne4 b5 27. axb5 axb5
28. Rf2 Rfc8 29. g4 b4 30. g5 Rxf2 31. Nxf2 Bxg5 32. Ne4 Be7 33. Rg1 f6 34. Bc1
Kf7 35. Ng3 Nc5 36. Ne4 Nxe4 37. fxe4 Rc2 38. h4 b3 39. h5 b2 40. Bxb2 Rxb2 0-1

[Event "Frankfurt Ch 2006"]
[Site "Ffm-Kalbach, LAZ"]
[Date "2006.04.24"]
[Round "1.47"]
[White "Kiesewetter, Ralf"]
[Black "Schukowski, Werner"]
[Result "1-0"]
[WhiteElo "1877"]
[BlackElo "1292"]
[PlyCount "84"]
[EventDate "2006.??.??"]

1. d4 d5 2. c4 c6 3. Nc3 e6 4. Nf3 Bd6 5. e4 Bb4 6. e5 Bxc3+ 7. bxc3 Ne7 8. Bd3
b6 9. O-O Ba6 10. cxd5 Bxd3 11. Qxd3 Nxd5 12. c4 Ne7 13. Ba3 Nf5 14. Rad1 Nd7
15. Rfe1 Ne7 16. Ng5 Nf5 17. Ne4 Qc7 18. g4 O-O-O 19. gxf5 Nxe5 20. Qh3 Nxc4
21. fxe6 Nxa3 22. e7+ Rd7 23. Nd6+ Qxd6 24. e8=Q+ Rxe8 25. Rxe8+ Kb7 26. Qxh7
Nb5 27. d5 c5 28. Qxg7 Qg6+ 29. Qxg6 fxg6 30. Re6 Nd4 31. Rxg6 Rxd5 32. Kg2 Ka6
33. f4 Rf5 34. Rg4 Nc2 35. Kf3 Nd4+ 36. Ke4 Ka5 37. Rxd4 Rxf4+ 38. Rxf4 cxd4
39. Kxd4 a6 40. Kc3 b5 41. h4 b4+ 42. Kb3 Kb5 1-0

[Event "Frankfurt Ch 2006"]
[Site "Ffm-Kalbach, LAZ"]
[Date "2006.04.24"]
[Round "1.48"]
[White "Schönmann, Bernd"]
[Black "Noble, Fabian"]
[Result "0-1"]
[WhiteElo "1268"]
[BlackElo "1866"]
[PlyCount "98"]
[EventDate "2006.??.??"]

1. e4 d6 2. d4 Nf6 3. Bd3 c6 4. Bg5 Qa5+ 5. Bd2 Qb6 6. Bc3 Na6 7. Ne2 Nb4 8.
O-O Nxd3 9. Qxd3 d5 10. e5 Ne4 11. Nd2 Bf5 12. Qf3 Nxd2 13. Bxd2 Bxc2 14. Bc3
e6 15. Ng3 Bg6 16. a3 Qb3 17. Rac1 Be7 18. Nh5 O-O 19. Rfe1 Rfc8 20. Nf6+ gxf6
21. exf6 Bf8 22. Qf4 Qb6 23. Bb4 Bxb4 24. axb4 Qxb4 25. Re3 Kf8 26. Rg3 Ke8 27.
h4 Kd7 28. b3 h5 29. Qh6 Rh8 30. Qf4 Rhg8 31. Rcc3 Rae8 32. Qe5 Qd6 33. f4 Qxe5
34. fxe5 Be4 35. Rg7 Rxg7 36. fxg7 Rg8 37. Rg3 Bg6 38. Kf2 Rxg7 39. Ke3 Rg8 40.
Rg5 b6 41. b4 a5 42. bxa5 bxa5 43. Kd2 a4 44. Rg3 Ra8 45. Ra3 c5 46. dxc5 Kc6
47. Ke3 Kxc5 48. Kd2 Kb4 49. Ra1 a3 0-1

[Event "Frankfurt Ch 2006"]
[Site "Ffm-Kalbach, LAZ"]
[Date "2006.04.24"]
[Round "1.49"]
[White "Ruebsamen, Dietmar"]
[Black "Tongaloglu, Cetin"]
[Result "1-0"]
[WhiteElo "1860"]
[BlackElo "1217"]
[PlyCount "47"]
[EventDate "2006.??.??"]

1. Nf3 e6 2. g3 d5 3. Bg2 c5 4. d3 Nf6 5. Nbd2 Nc6 6. e4 Be7 7. O-O Qc7 8. Re1
e5 9. exd5 Nb4 10. Nxe5 Nbxd5 11. c4 Nb4 12. a3 Na6 13. Qa4+ Kf8 14. f4 g6 15.
Ndf3 Kg7 16. Bd2 Bf5 17. Nh4 Be6 18. Ba5 b6 19. Bc3 Qc8 20. Bxa8 Qxa8 21. Qxa6
Kh6 22. Nxf7+ Bxf7 23. Rxe7 Rd8 24. Qb7 1-0

[Event "Frankfurt Ch 2006"]
[Site "Ffm-Kalbach, LAZ"]
[Date "2006.04.24"]
[Round "1.50"]
[White "Baur, Egbert"]
[Black "Fischer, Arthur"]
[Result "0-1"]
[WhiteElo "1215"]
[BlackElo "1858"]
[PlyCount "42"]
[EventDate "2006.??.??"]

1. Nf3 Nf6 2. e3 d5 3. d4 e6 4. Bd3 Bd6 5. Nbd2 Nbd7 6. c4 c6 7. c5 Bc7 8. b4
e5 9. dxe5 Nxe5 10. Nxe5 Bxe5 11. Rb1 O-O 12. Nf3 Bc7 13. O-O Bg4 14. Be2 Ne4
15. Bb2 Re8 16. Nd2 Bf5 17. Nxe4 Bxe4 18. Rc1 Re6 19. Bf3 Bxh2+ 20. Kh1 Qh4 21.
Bxe4 Bg3+ 0-1

[Event "Frankfurt Ch 2006"]
[Site "Ffm-Kalbach, LAZ"]
[Date "2006.04.24"]
[Round "1.51"]
[White "Kolker, Vladislav"]
[Black "Honert, Stefan"]
[Result "1-0"]
[WhiteElo "1856"]
[BlackElo "1201"]
[PlyCount "128"]
[EventDate "2006.??.??"]

1. e4 e6 2. d4 d5 3. Nc3 Nf6 4. Bg5 Be7 5. e5 Nfd7 6. h4 c5 7. Nb5 f6 8. exf6
Nxf6 9. Bf4 Na6 10. Nf3 O-O 11. Bd3 c4 12. Be2 Ne4 13. Bd2 Qb6 14. a4 Bd7 15.
O-O Nc7 16. Nxc7 Qxc7 17. Ng5 Nxg5 18. hxg5 e5 19. dxe5 Qxe5 20. Bc3 Qxg5 21.
Bxc4 Bc6 22. Bb3 Kh8 23. Bd4 Bf6 24. c3 Rad8 25. Qd3 Bxd4 26. cxd4 Rf6 27. Rae1
Re8 28. Rxe8+ Bxe8 29. Re1 Rf8 30. Qf3 Qf6 31. Qxf6 gxf6 32. Bxd5 Bc6 33. Bxc6
bxc6 34. Re6 Rd8 35. Rxc6 Rxd4 36. a5 Rb4 37. Rc8+ Kg7 38. Rc7+ Kg6 39. Rxa7
Rxb2 40. a6 Ra2 41. Ra8 Kg5 42. a7 Kf5 43. g3 h6 44. Kg2 Ra3 45. Kh3 h5 46. Kg2
Ra2 47. Kf3 Ra3+ 48. Ke2 Ra4 49. Kd3 Ra2 50. Ke3 Ra4 51. Kd3 Ra2 52. Kc4 Ra1
53. Kc5 Ra2 54. Kd6 Ra3 55. Ke7 Ra6 56. Kf7 Ra4 57. Kg7 Kg5 58. Kh7 Kf5 59. Kh6
Ra5 60. Kxh5 Ra4 61. f3 Ra5 62. Kh4 Ra4+ 63. g4+ Kf4 64. Rf8 Kxf3 1-0

[Event "Frankfurt Ch 2006"]
[Site "Ffm-Kalbach, LAZ"]
[Date "2006.04.24"]
[Round "1.52"]
[White "Liebert, Monika"]
[Black "Schreyer, Alois"]
[Result "0-1"]
[WhiteElo "1105"]
[BlackElo "1855"]
[PlyCount "56"]
[EventDate "2006.??.??"]

1. e4 e6 2. Nf3 d5 3. e5 c5 4. Bb5+ Nc6 5. d4 Bd7 6. Bxc6 Bxc6 7. Be3 Qb6 8. b3
cxd4 9. Qxd4 Qa6 10. Nc3 Ne7 11. g4 h5 12. g5 Nf5 13. Qf4 Nxe3 14. Qxe3 d4 15.
Qd3 Qxd3 16. cxd3 Bxf3 17. Rg1 dxc3 18. h4 c2 19. Kd2 Rc8 20. Rac1 Bb4+ 21. Ke3
Bg4 22. f3 Bf5 23. Rg2 Rd8 24. Rcxc2 Rxd3+ 25. Ke2 O-O 26. Rg1 Rd5 27. Rc7
Rxe5+ 28. Kd1 Rd8+ 0-1

[Event "Frankfurt Ch 2006"]
[Site "Ffm-Kalbach, LAZ"]
[Date "2006.04.24"]
[Round "1.53"]
[White "Krüger, Till"]
[Black "Troeger, Beate"]
[Result "1-0"]
[WhiteElo "1854"]
[BlackElo "798"]
[PlyCount "31"]
[EventDate "2006.??.??"]

1. e4 e5 2. Nc3 Nc6 3. Bc4 Nf6 4. a3 a6 5. Nf3 Bc5 6. O-O O-O 7. d3 d6 8. Bg5
Be6 9. Nd5 b5 10. Ba2 Rc8 11. c3 Nb8 12. Nxf6+ gxf6 13. Bh6 Re8 14. Nh4 Qd7 15.
Qf3 Qe7 16. Qg3+ 1-0

[Event "Frankfurt Ch 2006"]
[Site "Ffm-Kalbach, LAZ"]
[Date "2006.04.24"]
[Round "1.63"]
[White "Zuyev, Igor"]
[Black "Benninger, Rudolf"]
[Result "1/2-1/2"]
[WhiteElo "1898"]
[BlackElo "2019"]
[PlyCount "98"]
[EventDate "2006.??.??"]

1. e4 g6 2. d4 Bg7 3. Nc3 c6 4. f4 d5 5. e5 Nh6 6. Nf3 Bg4 7. Be2 f6 8. O-O O-O
9. Be3 Nf5 10. Bf2 Bh6 11. exf6 exf6 12. g3 Nd7 13. Kg2 Re8 14. h3 Bxf3+ 15.
Bxf3 Nd6 16. Qd3 f5 17. Nd1 Nf6 18. b3 Nfe4 19. c4 Bg7 20. Bg1 Qa5 21. a3 dxc4
22. bxc4 Nd2 23. Rf2 N2xc4 24. Rc2 Qa6 25. Qb3 Kh8 26. Raa2 Na5 27. Qb4 Ne4 28.
Nc3 Qb6 29. Qa4 Qd8 30. Qb4 b6 31. Ne2 Qe7 32. Nc1 Rad8 33. Nd3 c5 34. Nxc5
bxc5 35. Qxa5 cxd4 36. Rc7 Rd7 37. Rac2 d3 38. Rxd7 Qxd7 39. Rc7 Qe6 40. Qxa7
Qa2+ 41. Bf2 Nxf2 42. Qxf2 Qxa3 43. Ra7 Qc3 44. Qa2 Bd4 45. h4 Bxa7 46. Qxa7
Qd2+ 47. Kh3 Qb2 48. Qd7 Re2 49. Bxe2 dxe2 1/2-1/2

[Event "Frankfurt Ch 2006"]
[Site "Ffm-Kalbach, LAZ"]
[Date "2006.04.24"]
[Round "1.64"]
[White "Hoti, Safet"]
[Black "Bittner, Peter"]
[Result "1-0"]
[WhiteElo "1942"]
[BlackElo "1730"]
[PlyCount "65"]
[EventDate "2006.??.??"]

1. d4 Nf6 2. c4 g6 3. Nc3 Bg7 4. e4 d6 5. Nf3 O-O 6. Be2 Nbd7 7. O-O e5 8. dxe5
Nxe5 9. Nxe5 dxe5 10. Be3 c6 11. Qa4 Qc7 12. Bc5 Rd8 13. Rfd1 Be6 14. Rxd8+
Rxd8 15. Qxa7 Rd2 16. Bb6 Qd7 17. Bf1 Rxb2 18. Rd1 Rd2 19. Qb8+ Bf8 20. Bc5 h5
21. Qxf8+ Kh7 22. Nd5 Rxd5 23. exd5 cxd5 24. cxd5 Nxd5 25. Be3 f5 26. Qh6+ Kg8
27. Qxg6+ Kf8 28. Bh6+ Ke7 29. Qg7+ Kd6 30. Qf8+ Kc7 31. Bg7 e4 32. Rc1+ Kb6
33. Qc5# 1-0

[Event "Frankfurt Ch 2006"]
[Site "Ffm-Kalbach, LAZ"]
[Date "2006.04.24"]
[Round "1.65"]
[White "Rätsch, Kurt"]
[Black "Zuyev, Lisa"]
[Result "1-0"]
[WhiteElo "1890"]
[BlackElo "1060"]
[PlyCount "69"]
[EventDate "2006.??.??"]

1. e4 e5 2. Nf3 Nc6 3. Bc4 Bc5 4. c3 Nf6 5. b4 Bb6 6. b5 Na5 7. Nxe5 Nxc4 8.
Nxc4 Nxe4 9. O-O O-O 10. d3 Nf6 11. Nxb6 axb6 12. Bg5 h6 13. Bh4 d5 14. Nd2 Qd6
15. Bg3 Qc5 16. Nb3 Qe7 17. Nd4 Be6 18. Re1 Rac8 19. Bh4 Rfe8 20. Qf3 Qd8 21.
Re3 g5 22. Bg3 Bg4 23. Rxe8+ Nxe8 24. Qxg4 Ng7 25. h4 f6 26. hxg5 hxg5 27. Re1
Kf7 28. f4 Kg8 29. fxg5 fxg5 30. Be5 Ra8 31. Bxg7 Kxg7 32. Ne6+ Kf6 33. Qxg5+
Kf7 34. Qg7+ Ke8 35. Nxc7# 1-0